Energy policy strategies for uncertainty
Salvato in:
| Autore principale: | |
|---|---|
| Natura: | Libro |
| Lingua: | Undetermined |
| Pubblicazione: |
London
martin Robertson
1977
|
| Soggetti: | |
| Tags: |
Aggiungi Tag
Nessun Tag, puoi essere il primo ad aggiungerne! !
|
| Thư viện lưu trữ: | Trung tâm Học liệu Trường Đại học Cần Thơ |
|---|
| LEADER | 00519nam a2200193Ia 4500 | ||
|---|---|---|---|
| 001 | CTU_106975 | ||
| 008 | 210402s9999 xx 000 0 und d | ||
| 082 | |a 333.7 | ||
| 082 | |b C771 | ||
| 100 | |a P. Lesley Cook | ||
| 245 | 0 | |a Energy policy strategies for uncertainty | |
| 245 | 0 | |c P. Lesley Cook | |
| 260 | |a London | ||
| 260 | |b martin Robertson | ||
| 260 | |c 1977 | ||
| 650 | |a energy policy,energy policy | ||
| 650 | |x great britain | ||
| 904 | |i Truc | ||
| 980 | |a Trung tâm Học liệu Trường Đại học Cần Thơ | ||